| 000 | 00428cam a2200145ua 4500 | ||
|---|---|---|---|
| 003 | OSt | ||
| 008 | 240903b |||||||| |||| 00| 0 eng d | ||
| 041 | _aeng | ||
| 082 |
_a334.01 _bMIN/RE |
||
| 245 | _aRegistrars of co-operative societies and the state ministers of co-operation at Hyderabad | ||
| 250 | _a1 / | ||
| 260 |
_a : _bMinistry of community development and co-operation , _c1964. |
||
| 300 | _a148 ; . | ||
| 942 | _cBK | ||
| 999 |
_c11420 _d11420 |
||